Los mejores cuentos de los hermanos Grimm / (Registro nro. 14728)

Detalles MARC
000 -LIDER
fixed length control field 01295nam a2200325 4500
001 - NÚMERO DE CONTROL
Identificador de número de control 45126
003 - IDENTIFICACDOR DE NÚMERO DE CONTROL
control field DO-SdBNP
005 - DATE AND TIME OF LATEST TRANSACTION
control field 20240711093032.0
007 - CAMPOS FIJOS DE DESCRIPCIÓN FÍSICA
fixed length control field 45126
008 - ELEMENTOS DE LONGITUD FIJA
fixed length control field 160922b2010 mx ||| |||| 00| 0 spa d
020 ## - ISBN
International Standard Book Number 9685146330
040 ## - FUENTE DE CATALOGACIÓN
Agencia que crea de manera original el registro BPMSU
Idioma de catalogación spa
Agencia que realiza la transcripción BPMS
082 #4 - NÚMERO DE CLASIFICACIÓN DECIMAL DE DEWEY
Classification number 833.7
Item number G864m 2010
Edition number 22
100 1# - ASIENTO PRINCIPAL -- NOMBRE PERSONAL
Nombre personal Grimm, Jacob Ludwig Karl
Títulos u otras palabras asociadas con el nombre 1785-1863.
245 14 - MENCIÓN DE TITULO
Título Los mejores cuentos de los hermanos Grimm /
Mención de responsabilidad Jacobo y Guillermo Grimm.
260 ## - PUBLICACIÓN, DISTRIBUCIÓN, ETC. (PIE DE IMPRENTA)
Lugar de publicación, distribución, etc México :
Nombre del editor, distribuidor, etc. Ediciones Leyenda,
Fecha de publicación, distribución, etc 2010
300 ## - DESCRIPCIÓN FÍSICA
Extensión 155 p. :
Otros detalles físicos il.;
Dimensiones 23 cm.
490 0# - MENCIÓN DE SERIES
Mención de serie Clásicos
500 ## - NOTA GENERAL
Nota general Incluye datos biográficos del autor en la solapa de la cubierta
505 0# - NOTA DE CONTENIDO
Título Cuatro hemanitos listos.--
-- Caperucita roja.--
-- El patito de oro.--
-- El muchacho que nunca tembló.--
-- Hénsel y Grétel.--
-- Pulgarcito.--
-- Juan de hierro.--
-- La bella durmiente.--
-- Los siete cabritos y el lobo.--
-- Juan listo.--
-- El pescador y su mujer.--
-- La serpiente blanca.--
-- El agua de la vida.--
-- La pastora de gansos.--
-- Blancanieves.--
-- El ahijado de la muerte.
590 ## - NOTA LOCAL
Texto de la nota local Inventariado, 2024/VM<br/>
650 #4 - ENCABEZAMIENTO DE MATERIA--TEMÁTICO
Término temático o nombre geográfico como elemento de entrada Cuentos juveniles alemanes
650 #4 - ENCABEZAMIENTO DE MATERIA--TEMÁTICO
Término temático o nombre geográfico como elemento de entrada Literatura juvenil alemana
650 ## - ENCABEZAMIENTO DE MATERIA--TEMÁTICO
Término temático o nombre geográfico como elemento de entrada
650 ## - ENCABEZAMIENTO DE MATERIA--TEMÁTICO
Término temático o nombre geográfico como elemento de entrada
650 ## - ENCABEZAMIENTO DE MATERIA--TEMÁTICO
Término temático o nombre geográfico como elemento de entrada
650 ## - ENCABEZAMIENTO DE MATERIA--TEMÁTICO
Término temático o nombre geográfico como elemento de entrada
910 ## - VALIDACIÓN
Validación VMateo V. Control de calidad. BPMSU
942 ## - ADDED ENTRY ELEMENTS (KOHA)
Source of classification or shelving scheme Dewey Decimal Classification
Koha item type Libros
Existencias
Withdrawn status Lost status Source of classification or shelving scheme Damaged status Not for loan Collection code Home library Current library Date acquired Total Checkouts Full call number Barcode Date last seen Price effective from Koha item type Copy number
    Dewey Decimal Classification     Colección Juvenil General Biblioteca Pública Metropolitana Salomé Ureña Biblioteca Pública Metropolitana Salomé Ureña 07/11/2024   BPMSU CJG 833.7 G864m 2010 BPMSU24070048 07/11/2024 07/11/2024 Libros  
    Dewey Decimal Classification     Colección Juvenil General Biblioteca Pública Metropolitana Salomé Ureña Biblioteca Pública Metropolitana Salomé Ureña 07/11/2024   BPMSU CJG 833.7 G864m 2010 BPMSU24070049 07/11/2024 07/11/2024 Libros e.2
    Dewey Decimal Classification     Colección Juvenil General Biblioteca Pública Metropolitana Salomé Ureña Biblioteca Pública Metropolitana Salomé Ureña 07/11/2024   BPMSU CJG 833.7 G864m 2010 BPMSU24070050 07/11/2024 07/11/2024 Libros e.3